| 000 | 00475nam a2200157 i 4500 | ||
|---|---|---|---|
| 001 | 126603 | ||
| 003 | ES-MaACL | ||
| 005 | 20230906192840.0 | ||
| 007 | t| | ||
| 008 | 070214s1935 sp r ||||1| spa d | ||
| 100 | 1 |
_aRequena, Fermín. _996291 |
|
| 245 | 1 | 0 |
_aDel Marruecos andaluz / _cFermín Requena. |
| 260 |
_aMelilla : _bAgrupación Liberalista Andaluza, _c1935 ( _fTip. La Española) |
||
| 300 |
_a31 p., [1] h. de map. pleg. ; _c21 cm. |
||
| 852 |
_aES-MaACL _j1803-F-3 |
||
| 999 |
_c126603 _d126603 |
||